| 000 | 00450nam a2200193Ia 4500 | ||
|---|---|---|---|
| 008 | 170918s9999 xx 000 0 und d | ||
| 020 | _a590266853 | ||
| 050 | _bH698 1996 | ||
| 100 | _aHoff, Syd | ||
| 245 | _aDanny and the dinosaur go to camp / | ||
| 245 | _cSyd Hoff. | ||
| 260 | _aNew York : | ||
| 260 | _bScholastic, | ||
| 260 | _c1996 | ||
| 300 | _a32 pages : | ||
| 300 | _bcolored illustration ; | ||
| 300 | _c22cm. | ||
| 500 | _a200 | ||
| 999 |
_c341132 _d341132 |
||